00936nam a2200205Ia 450000500170000000800410001702000150005808200210007324501290009426000350022330000350025833600100029333700140030333800120031749000300032950502610035965000330062070000390065370000380069220231102150525.0120622s1999 mx a||| r 000 0 spa d a9682316456 a355.033072bE56e13aEn busca de la seguridad perdida b : aproximaciones a la seguridad nacional mexicanac/ compilado por Sergio Aguayo Quezada3 aMéxicob : Siglo XXIc, 1990 a416 páginasb: ilustraciones atexto asin medio avolumen aSociología y política aSobre el concepto de seguridad Teoría y práctica de la seguridad nacional en México Desarrollo económico y seguridad nacional Las relaciones México-Estados Unidos y la seguridad nacional Una agenda para el futuro de la seguridad nacional mexicana41aSEGURIDAD NACIONALzMÉXICO aAguayo Quezada, Sergioecompilador aBagley, Bruce Michaelecompilador